| 000 | 00352nam a22001337a 4500 | ||
|---|---|---|---|
| 082 |
_a808.831 _bBIS _cN-01, P-42 |
||
| 100 |
_aMichael Bishop _946819 |
||
| 245 |
_aRobin Hood _cMichael Bishop |
||
| 260 |
_aLondon _bAward Publications Limited |
||
| 300 | _a44 P, : | ||
| 526 |
_a0 _b0 _c0 _d808_831000000000000_BIS |
||
| 650 |
_aMCE _9379 |
||
| 942 |
_2ddc _cBK |
||
| 999 |
_c550080 _d550080 |
||